| 000 | 01635nam a2200241Ia 4500 | ||
|---|---|---|---|
| 003 | Ost | ||
| 005 | 20260507075002.0 | ||
| 008 | 260507s9999||||xx |||||||||||||| ||und|| | ||
| 020 | _a9773790473 | ||
| 040 | _cfsecg | ||
| 041 | _aara | ||
| 082 | _a346.092 | ||
| 100 |
_aأبوالعلا، يسرى محمد _eمؤلف |
||
| 245 | 0 |
_aتحديد مفهوم استيعاب الاستثمارات المالية العربية في ضوء التشريعات المالية والاقتصادية / _c يسرى محمد أبوالعلا |
|
| 260 |
_aالاسكندرية: _bدار الفكر الجامعي, _c2008 |
||
| 300 |
_a146 صفحة؛ _bإيضاحات ؛ _c25 سم |
||
| 504 | _aبيبليوغرافيا: ص. 124-135 | ||
| 520 | _aفي هذا الكتاب : القدرة الاستعابية مفهوم القدرة الاستيعابية ، تحديد القدرة الاستيعابية ، امكانيات الاستيعاب الالمتاحة ، تنظيم القدرة على الاستيعاب ، تنمية القدرة الاستيعابية حدود القدرة على الاستيعاب أثار الطاقة الاستيعابية ، دور التشريعات في التاثير عى الطاقة الاستيعابية ، أثر الاستثمار على الطاقة الاستعابية،تنظيم السوق المالية ، المؤسسات الانمائية للاستثارات المالية العربية | ||
| 653 | _aالاستثمار | ||
| 653 | _aالإستثمار-قوانين وتشريعات | ||
| 653 | _aالبلدان العربية- الإستثمار | ||
| 942 | _cكتاب | ||
| 999 |
_c42081 _d42081 |
||